পাইথন দিয়ে প্রোগ্রামিং শেখা : (Record no. 11982)
[ view plain ]
| 000 -LEADER | |
|---|---|
| fixed length control field | 00901nam a2200229 a 4500 |
| 001 - CONTROL NUMBER | |
| JCCL Control Number | 11982 |
| 003 - CONTROL NUMBER IDENTIFIER | |
| JCCL marc code | BD-JhCC |
| 005 - DATE AND TIME OF LATEST TRANSACTION | |
| control field | 20221128134022.0 |
| 008 - FIXED-LENGTH DATA ELEMENTS--GENERAL INFORMATION | |
| fixed length control field | 210301b 2018bg a|||| ||a| 000 0 mul d |
| 020 ## - INTERNATIONAL STANDARD BOOK NUMBER | |
| International Standard Book Number | 9789843436931 |
| 035 ## - SYSTEM CONTROL NUMBER | |
| system control number | (BD-JhCC)11982 |
| 040 ## - CATALOGING SOURCE | |
| Original cataloging agency | BD-JhCC |
| Modifying agency | BD-JhCC |
| 041 ## - LANGUAGE CODE | |
| Language code of Book | mul |
| 082 ## - DEWEY DECIMAL CLASSIFICATION NUMBER | |
| Classification number | 005.133 |
| Author mark and Year | SUB 2018 |
| 100 ## - MAIN ENTRY--PERSONAL NAME | |
| Personal name | সুবিন, তামিম শাহ্রিয়ার |
| 245 ## - TITLE STATEMENT | |
| Title | পাইথন দিয়ে প্রোগ্রামিং শেখা : |
| Remainder of title | ডেটা স্ট্রাকচার ও অ্যালগরিদম পরিচিতি / |
| Statement of responsibility, etc | তামিম শাহ্রিয়ার সুবিন |
| 260 ## - PUBLICATION, DISTRIBUTION, ETC. (IMPRINT) | |
| Place of publication, distribution, etc | ঢাকা: |
| Name of publisher, distributor, etc | দ্বিমিক প্রকাশনী; |
| Date of publication, distribution, etc | 2018. |
| 300 ## - PHYSICAL DESCRIPTION | |
| Pagination | 185 p. : |
| Other physical details | ill |
| Dimensions | 24 cm. |
| 650 ## - SUBJECT ADDED ENTRY--TOPICAL TERM | |
| Topical term or geographic name as entry element | Python (Computer program language) |
| 942 ## - ADDED ENTRY ELEMENTS (KOHA) | |
| Source of classification or shelving scheme | Dewey Decimal Classification |
| Koha item type | Books |
| Koha issues (borrowed), all copies | 8 |
| Source of classification or shelving scheme | volume number | Damaged status | Not for loan | Home library | Current library | Shelving location | Date of accession | Cost, normal purchase price | Total Checkouts | Full call number | Barcode | Date last seen | Date checked out | Copy number | Koha item type |
|---|---|---|---|---|---|---|---|---|---|---|---|---|---|---|---|
| Dewey Decimal Classification | V-3 | JCC Rouf Library | JCC Rouf Library | General Stacks | 02/01/2021 | 195.00 | 5 | 005.133 SUB 2018 | 16462 | 08/01/2024 | 07/01/2024 | C-1 | Books | ||
| Dewey Decimal Classification | V-1 | JCC Rouf Library | JCC Rouf Library | General Stacks | 06/18/2023 | 150.00 | 10 | 005.133 SUB 2019 | 16279 | 08/01/2024 | 07/01/2024 | C-1 | Books | ||
| Dewey Decimal Classification | V-2 | JCC Rouf Library | JCC Rouf Library | General Stacks | 03/22/2021 | 173.00 | 7 | 005.133 SUB 2018 | 16595 | 08/01/2024 | 07/10/2024 | C-1 | Books |